| 000 | 00863nam a2200253 a 4500 | ||
|---|---|---|---|
| 003 | DO-SdBNP | ||
| 005 | 20220427100751.0 | ||
| 007 | ta | ||
| 008 | 220427e2020 dr ac||gr|||| 001 0dspa d | ||
| 020 | _a9798558336399 | ||
| 040 |
_aDO-SdBNP _bspa _cBNPHU |
||
| 082 | 4 |
_222 _bC169r |
|
| 245 | 1 | 3 |
_aLos regalos de mi caída: _bes el momento de recibir los tuyos./ _cWendy Calvo; Fotografía de portada, Carlos J. García; Prólogo, Tania Báez |
| 260 |
_a[Santo Domingo] : _bBien-etr Media Group, _c2020 |
||
| 300 |
_a148 p. : _bil., retr. _c22 cm. |
||
| 500 | _aIncluye datos biográficos de la autora, p. 145 | ||
| 504 | _aBibliografía: p. 146 | ||
| 590 | _aInventariado 2022 / MF | ||
| 650 | 4 |
_910825 _aSuperación Personal |
|
| 700 | 1 |
_aGarcía, Carlos J. _efotogr. _981506 |
|
| 700 |
_972652 _aBáez, Tania _epról. |
||
| 910 | _aMFeliz | ||
| 942 |
_2ddc _cLBS1 |
||
| 999 |
_c51587 _d51587 |
||